| 000 | 00519nam a22001937a 4500 | ||
|---|---|---|---|
| 003 | CEME | ||
| 005 | 20210628202900.0 | ||
| 008 | 210126b xxu||||| |||| 00| 0 eng d | ||
| 020 | _a1-59169-014-5 | ||
| 040 | _c. | ||
| 082 | _a621.4022 WEB | ||
| 100 |
_aWebb, Ralph .L Kim, Nae-Hyun _962136 |
||
| 245 | _aPrinciples of enhanced heat transfer | ||
| 250 | _a2ND | ||
| 260 |
_aNEW DELHI _bTAYLOR AND FRANCIS _c2005 |
||
| 300 | _aXXII,795 P | ||
| 650 |
_aHEAT TRANSMISSION, HEAT EXCHANGERS _962137 |
||
| 942 |
_cBK _2ddc |
||
| 999 |
_c571343 _d571343 |
||